Science Quiz

Random Science Quiz

Common Polyatomic Ions' Charges Quiz Stats

 Plays Quiz not verified by Sporcle

Score 0/25 Timer 03:00
0 Plays Today
Polyatomic Ion Charge % Correct
Oxalate2-
100%
Chromate2-
100%
Sulfate2-
100%
Hydrogen Phosphate2-
100%
Sulfite2-
100%
Carbonate2-
100%
Silicate2-
100%
Dichromate2-
100%
Phosphate3-
93.6%
Phosphite3-
93.6%
Acetate-
42.6%
Perchlorate-
42.6%
Cyanide-
42.6%
Polyatomic Ion Charge % Correct
Hydroxide-
42.6%
Chlorite-
42.6%
Hydrogen Sulfite-
42.6%
Nitrite-
42.6%
Hydrogen Carbonate-
42.6%
Chlorate-
42.6%
Hypochlorite-
42.6%
Nitrate-
42.6%
Permanganate-
42.6%
Hydrogen Sulfate-
42.6%
Dihydrogen Phosphate-
42.6%
Ammonium+
29.8%

You're not logged in!

Compare scores with friends on all Sporcle quizzes.
OR
Log In

Show Comments

Extras

Created Oct 28, 2010ReportNominate
Tags:common, ion, polyatomic

Top Quizzes Today


Score Distribution

Your Account Isn't Verified!

In order to create a playlist on Sporcle, you need to verify the email address you used during registration. Go to your Sporcle Settings to finish the process.

Report this User

Report this user for behavior that violates our Community Guidelines.

Details: